000 00643nam a2200229Ia 4500
003 OSt
005 20220925172535.0
006 a|||||r|||| 00| 0
007 ta
008 220923b |||||||| |||| 00| 0 eng d
037 _cGeneral Book
040 _aRTL
_cRTL
_beng
041 _2eng
_aeng
082 _aX9.2.N61<N59r, K1
110 _aKILLICK INDUSTRIES LIMITED
_9241886
245 0 _aAnnual report,1959-61.
260 _aBombay
_bKillick Industries Ltd
_c1961
300 _a13p.
_ccm.
700 _aKILLICK INDUSTRIES LIMITED
_9241887
942 _hX9.2.N61<N59r, K1
_cGB
_2CC
999 _c485336
_d485336